Central Library OPAC University of Rajshahi

Organic chemistry / (Record no. 70731)

MARC details
000 -LEADER
fixed length control field 00893pam a2200253 i 4500
001 - CONTROL NUMBER
control field 70731
003 - CONTROL NUMBER IDENTIFIER
rucl marc code BD-RjUL
005 - DATE AND TIME OF LATEST TRANSACTION
control field 20220110124634.0
008 - FIXED-LENGTH DATA ELEMENTS--GENERAL INFORMATION
fixed length control field 170419s1951 enka 001 0 eng
035 ## - SYSTEM CONTROL NUMBER
System control number (BD-RjUL)70731
040 ## - CATALOGING SOURCE
Original cataloging agency DLC
Transcribing agency DLC
Modifying agency DLC
-- BD-RjUL
Language of cataloging eng
041 ## - LANGUAGE CODE
Language code of text/sound track or separate title eng
082 00 - DEWEY DECIMAL CLASSIFICATION NUMBER
Classification number 547
Author mark and year HOR 1951
Edition number 23
100 1# - MAIN ENTRY--PERSONAL NAME
Personal name Holleman, A. F.
9 (RLIN) 209366
245 10 - TITLE STATEMENT
Title Organic chemistry /
Statement of responsibility, etc. A. F. Holleman and J. P. Wibaut ; translated from the sixteenth Duch ed. by Samuel Coffey
246 ## - VARYING FORM OF TITLE
Title proper/short title A. F. Holleman:
Remainder of title Organic chemistry / by J. P. Wibaut ; translated from the sixteenth Duch ed. by Samuel Coffey
260 ## - PUBLICATION, DISTRIBUTION, ETC. (IMPRINT)
Place of publication, distribution, etc. London :
Name of publisher, distributor, etc. Elsevier Publishing Company,
Date of publication, distribution, etc. 1951.
300 ## - PHYSICAL DESCRIPTION
Pagination xiv, 660 p. :
Illustrations ill. ;
Size 24 cm.
500 ## - GENERAL NOTE
General note Includes index.
650 #0 - SUBJECT ADDED ENTRY--TOPICAL TERM
Topical term or geographic name as entry element Chemistry, Organic.
9 (RLIN) 31732
700 ## - ADDED ENTRY--PERSONAL NAME
Personal name Wibaut, J.P. , jt. auth.
Personal name Coffey, Samuel, tr.
942 ## - ADDED ENTRY ELEMENTS (KOHA)
Source of classification or shelving scheme Dewey Decimal Classification
Koha item type Books
Holdings
Lost status Source of classification or shelving scheme Damaged status Not for loan Collection code Permanent Location Current Location Shelving location Date acquired Source of acquisition Cost, normal purchase price Total Checkouts Full call number Date last seen Copy number Koha item type
  Dewey Decimal Classification   Not For Loan Non-fiction Central Library, University of Rajshahi Central Library, University of Rajshahi Reading Room 27/11/1965 Zeitlinger 32.00   547 HOR 1951 19/04/2017 C-1 Books
  Dewey Decimal Classification     Non-fiction Central Library, University of Rajshahi Central Library, University of Rajshahi   27/11/1965 Zeitlinger 32.00   547 HOR 1951 08/06/2017 C-2 Books
  Dewey Decimal Classification     Non-fiction Central Library, University of Rajshahi Central Library, University of Rajshahi   27/11/1965 Zeitlinger 32.00   547 HOR 1951 08/06/2017 C-3 Books
  Dewey Decimal Classification     Non-fiction Central Library, University of Rajshahi Central Library, University of Rajshahi   27/11/1965 Zeitlinger 32.00   547 HOR 1951 08/06/2017 C-4 Books
  Dewey Decimal Classification     Non-fiction Central Library, University of Rajshahi Central Library, University of Rajshahi   27/11/1965 Zeitlinger 32.00   547 HOR 1951 08/06/2017 C-5 Books